000
00340nam a2200133Ia 4500
008
240624s9999 xx 000 0 und d
041
_a
eng
082
_a
004.6 MIC
100
_a
MICHELI GIOVANNI DE
245
_a
NETWORKS ON CHIPS TECHNOLOGY AND TOOLS
260
_c
2006
_a
Kaufmann,2006
300
_a
x, : 395 : p. : cm. ; 24
365
_c
BPS
999
_c
5617
_d
5617